000 00569nam a2200229Ia 4500
003 OSt
005 20220924140900.0
006 a|||||r|||| 00| 0
007 ta
008 220923b |||||||| |||| 00| 0 ben d
024 _a296477
037 _cTextual
040 _aARTS
_cARTS
_bben
041 _2ben
_aben
082 _aO157,3NBS,1, J5
100 _aBandopadhyay
_9196155
245 0 _aRage or anurage
260 _c1955
650 _aBENGALI LITERATURE
942 _hO157,3NBS,1, J5
_cTEXL
_2CC
999 _c445593
_d445593